000 00282nam a2200121Ia 4500
100 _a#N/A
650 _aELECTRONICS
942 _cBK
654 _avhs
245 _aVHS to VCD with Fungus Cleaning - Small Signal Models & Amplifiers Lecture 34
260 _b#N/A
546 _aENGLISH
999 _c29309
_d29309